00620nam a2200193Ia 4500952013700000999001700137003000400154005001700158008004100175020001800216040000900234082002200243100002000265245004000285260003000325300000900355650001200364942005000376 00102ddc40708HISTORYaMESbMEScHISd2019-02-20g543.00l0o909.097671 HOL/Ap17192r2019-02-20 00:00:00w2019-02-20yBKzGL42R4 c19979d19979OSt20200701124122.0190216s9999||||xx |||||||||||||| ||und|| a9780582493025 coclc a909.097671bHOL/A aHolt, P M92346 4aThe Age Of The Crusades /cP M Holt bLongmans,c1986.aLondon: a250p aHistory cBK2ddch909.097671iHOL/Ak909.097671mHOL/A